000 00918nam a22002777a 4500
003 dpl
005 20240408151856.0
008 240408b |||||||| |||| 00| 0 eng d
010 _aB-7586225
020 _c0.00
_a9780415276702
035 _aB-758625
037 _bGift/Unesco
040 _aDPL
_bEN
_c0
082 _a370
100 _93562
245 _aImproving Teacher Education Practices Through Self- Study /
_cEdited by-John Loughran [and] Tom Russell
260 _aNew York
_bRoutledge Falmer
_c2002
270 _b29 West 35th Street,
_aNew York
_e10001
300 _axv,256p. :
_c23cm(Hb)
_bIndex
500 _aIncludes bibliographical references and index
650 _aEducation, Compulsory -- India -- History.
_917518
650 _aEducation and state -- India.
_99573
700 _a Loughran, John
_917519
700 _aRussell , Tom
_964393
942 _2ddc
_cEN
_h370
_mIMP
999 _c201972
_d201972